| 000 | 01113aam a2200361 4500 | ||
|---|---|---|---|
| 005 | 20250620141956.0 | ||
| 008 | 150410b2007 xxu||||| |||| 00| 0 spa d | ||
| 020 | _a84832232110 | ||
| 041 | _aESP | ||
| 082 | _a658.404 N785g | ||
| 100 |
_aNokes, Sebastián _932834 |
||
| 245 | _aLa guía definitiva de la gestión de proyectos | ||
| 260 | _aEspañol | ||
| 260 | _bFinancial Times | ||
| 260 | _c2006 | ||
| 300 | _a242 páginas | ||
| 490 | _aDirección y Administración de Empresas | ||
| 505 | _aParte I. Información básica Parte II. Procesos de la dirección de proyectos Parte III. Etapas del ciclo de vida del proyecto | ||
| 650 | _aGERENCIA DE PROYECTOS | ||
| 650 | _aADMINISTRACION DE PROYECTOS | ||
| 650 | _aEQUIPO DE PROYECTOS | ||
| 650 | _aCÓMO DIRIGIR PROYECTOS | ||
| 650 | _aORGANIZACION DE PROYECTOS | ||
| 650 | _aPALNIFICACION | ||
| 650 | _aSUPERVISION | ||
| 650 | _aCONTROL | ||
| 650 | _aGESTION DE PROYECTOS | ||
| 650 | _a CICLO DE VIDA DEL PROYECTO | ||
| 650 | _aDISEÑO | ||
| 650 | _aCONSTRUCCION | ||
| 650 | _a EVALUACION DEL PROYECTO | ||
| 942 |
_cBK _2ddc |
||
| 999 |
_c4458 _d4458 |
||